Capitals and Largest Cities of Austria - Statistics

General Stats
  • This quiz has been taken 17 times
  • The average score is 7 of 10
Answer Stats
State Capital % Correct
Vienna Vienna
100%
Styria Graz
93%
Upper Austria Linz
93%
Salzburg Salzburg
93%
Tyrol Innsbruck
87%
Carinthia Klagenfurt
60%
Vorarlberg Dornbirn
40%
Vorarlberg Bregenz
33%
Lower Austria Sankt Pölten
33%
Burgenland Eisenstadt
27%
No matching quizzes found
Score Distribution
Percent of People with Each Score
Percentile by Number Answered
Your Score History
You have not taken this quiz